Statistics for Soccer (Football) Players with Multiple Nationalities

Click here to take the quiz!

General Stats

  • This quiz has been taken 78 times
    (23 since last reset)
  • The average score is 6 of 24

Answer Stats

Born Country is Plays for Player % Correct
BrazilSpainDiego Costa
59%
JamaicaEnglandSterling
55%
KosovoSwitzerlandShaqiri
50%
BrazilItalyJorginho
45%
PolandGermanyPodolski
45%
BrazilPortugalPepe
41%
FranceArgentinaHiguaín
41%
Cape VerdePortugalNani
32%
ItalySpainThiago Alcântara
23%
DR CongoBelgiumBenteke
23%
FranceSenegalKoulibaly
18%
CanadaNetherlandsDe Guzmán
18%
FranceMoroccoBenatia
18%
GermanyCameroonChoupo-Moting
14%
SpainMoroccoAchraf Hakimi
14%
FranceAlgeriaYacine Brahimi
14%
USAItalyGiuseppe Rossi
14%
ArgentinaItalyPablo Osvaldo
9%
FranceGhanaAndré Ayew
5%
IranAustraliaDaniel Arzani
5%
AustriaCroatiaKovacic
5%
EnglandScotlandSteven Fletcher
5%
VenezuelaChileValdivia
5%
Bosnia and HerzegovinaSerbiaSubotic
0%

Score Distribution

Percentile by Number Answered

Percent of People with Each Score

Your Score History

You have not taken this quiz since the last reset